| 000 | 00461nam a22001697a 4500 | ||
|---|---|---|---|
| 008 | 230711b |||||||| |||| 00| 0 eng d | ||
| 020 | _a9788171380411 | ||
| 040 |
_aNational Science Library _cNational Science Library |
||
| 080 |
_a82-31MUD _bQ8 |
||
| 100 | _aMudgal, Chitra | ||
| 245 | _aगिलिगडु | ||
| 246 | _aGilligaddu | ||
| 260 |
_aNew Delhi: _bSamayik Prakashan, _c2018 |
||
| 300 | _a144p. | ||
| 650 | _aHindi novel | ||
| 942 |
_2udc _cHBK |
||
| 999 |
_c51038 _d51038 |
||